000 00659nam a22002177a 4500
001 32317
003 BD-RjUL
005 20211209051821.0
008 140426s1976 ii |b 001 | eng d
035 _a(BD-RjUL)32406
040 _aBD-RjUL
_beng
_cBD-RjUL
041 _aeng
082 0 4 _219
_a294.59218
_bFEA 1976
100 1 _aFeys, J.
_998315
245 1 0 _aA=B :
_ban enquiry into the Upanishads' basic insight /
_cJ. Feys.
260 _aCalcutta :
_bFirma KLM,
_c1976.
300 _a64 p. ; |c 24 cm.
504 _aIncludes bibliographical references and index.
650 _aUpanishads
_xCriticism, interpretation, etc.
_998316
942 _2ddc
_cBK
_01
999 _c32317
_d32317